02428cam a22003855a 4500001001400000003000400014005001700018008004100035020001800076040003400094082002300128100002500151245012000176246008100296250001200377260005500389300002600444500002400470500003300494504004100527506006200568520074300630650003801373650003701411650002801448650003201476651001001508653002301518700002901541942000801570999001701578952014501595952015701740952014501897ssib021971359OSt20201128023639.0140318t2016 mau frb 001 0 eng d a9781284053029 aBIP USdWaSeSSdEG-ScBUEbeng04a610.73092222bKEL1 aKelsey, Beth.93941610aMidwifery & women's health nurse practitioner certification review guide /cBeth M. Kelsey, Jamille Nagtalon-Ramos.3 aMidwifery and women's health nurse practitioner certification review guide / a3rd ed. aBurlington : bJones & Bartlett Learning,cc.2016. avii, 349 p. ;c28 cm. aIndex : p. 331-349. aIncludes online access code. aIncludes bibliographical references. aAvailable on campus and off campus with authorized login.8 aAnnotationbMidwifery S Health Nurse Practitioners Prepare For Certification Exams. Based On The American Midwifery Certification Board (AMCB) And The National Certification Corporation (NCC) Test Blueprints, It Contains Nearly 1,000 Questions And Comprehensive Rationales Representing Those Found On The Exams. Completely Updated And Revised With The Most Current Evidence And Practice Standards, The New Edition Incorporates Expanded Content On Pharmacology, Pathophysiology, And Diagnostic Tools. Included With Each New Print Book Is An Online Access Code For Navigate Testprep, A Dynamic And Fully Hosted Online Assessment Tool Offering Hundreds Of Bonus Questions In Addition To Those In The Book, Detailed Rationales, And Reporting. 7aNurse practitioners.2BUEsh92175 7aMaternity nursing.9121622BUEsh 0aWomenxDiseases.2BUEsh 0aGynecologic nursing.2BUEsh 2BUEsh bNNURcFebruary20161 aNagtalon-Ramos, Jamille. 2ddc c21214d21186 00102ddc40708AcademicaMAINbMAINc1STd2016-02-23ePurchaseg580.00h4862l0o610.73092 KELp000031657r2025-07-15 00:00:00v725.00yBB 00102ddc40708AcademicaMAINbMAINc1STd2016-02-23ePurchaseg580.00h4862l1o610.73092 KELp000031658r2025-07-15 00:00:00s2017-10-25v725.00yBB 00102ddc40708AcademicaMAINbMAINc1STd2016-02-23ePurchaseg580.00h4862l0o610.73092 KELp000031659r2025-07-15 00:00:00v725.00yBB